<tr>
<td>
</tr>
<tr>
(Catherine: Oh, I went blank, sorry.) >r />Dr. Seuss>r /> >able width="100%">r>d class="wrong">Catherine | >tr>table>>r>d class="wrong">Triple Stumper>tr>
>td>
</tr>
able>
<tr>
<td>
</tr>
<tr>
Transformers>r /> >able width="100%">>d class="right">William>tr> | >td>
</tr>
able>
|
<tr>
<td>
</tr>
<tr>
Mount St. Helens>r /> >able width="100%">>d class="right">Matt>tr> | >td>
</tr>
able>
|
<tr>
<td>
</tr>
<tr>
a Chihuahua & a dachshund>r /> >able width="100%">>d class="right">William>tr> | >td>
</tr>
able>
|
<tr>
<td>
</tr>
<tr>
a hemlock>r /> >able width="100%">>d class="right">Matt>tr> | >td>
</tr>
able>
|
<tr>
<td>
</tr>
<tr>
>>Schmigadoon!>r /> >able width="100%">>d class="right">Matt>tr> | >td>
</tr>
able>
|
</tr>
<tr>
<tr>
<td>
</tr>
<tr>
TOPGUN>r /> >able width="100%">>d class="right">Matt>tr> | >td>
</tr>
able>
|
<tr>
<td>
</tr>
<tr>
(Ken: Yes, you did it, >lo hicimos.) >r />Dora the Explorer>r /> >able width="100%">>d class="right">Matt>tr> | >td>
</tr>
able>
|
<tr>
<td>
</tr>
<tr>
Scopes>r /> >able width="100%">>d class="right">Matt>tr> | >td>
</tr>
able>
|
<tr>
<td>
</tr>
<tr>
a Great Dane & a mastiff>r /> >able width="100%">>d class="right">Matt>tr> | >td>
</tr>
able>
|
<tr>
<td>
</tr>
<tr>
deadlocked>r /> >able width="100%">>d class="right">Matt>tr> | >td>
</tr>
able>
|
<tr>
<td>
</tr>
<tr>
Audubon>r /> >able width="100%">r>d class="right">Catherine | >tr> >td>
</tr>
able>
|
</tr>
<tr>
<tr>
<td>
</tr>
<tr>
the Globe>r /> >able width="100%">>d class="right">William>tr> | >td>
</tr>
able>
|
<tr>
<td>
</tr>
<tr>
the Animaniacs>r /> >able width="100%">>d class="right">Matt>tr> | >td>
</tr>
able>
|
<tr>
<td>
</tr>
<tr>
(Ken: That's correct and you have run the category.) [Applause] >r />m class="correct_response">Woolworth's>r /> >able width="100%">>d class="right">Matt>tr> | >td>
</tr>
able>
|
<tr>
<td>
</tr>
<tr>
(Catherine: What is a llama and... a...) >r />m class="correct_response">a llama & an alpaca>r /> >able width="100%">r>d class="wrong">Catherine | >tr>table>>r>d class="wrong">Triple Stumper>tr> >td>
</tr>
able>
<tr>
<td>
</tr>
<tr>
>m class="correct_response">a warlock>r /> >able width="100%">>d class="right">Matt>tr> | >td>
</tr>
able>
|
<tr>
<td>
</tr>
<tr>
(Matt: What is the Rotary Club?) >r />m class="correct_response">Kiwanis International>r /> >able width="100%">r>d class="wrong">Matt | >tr>table>>r>d class="wrong">Triple Stumper>tr> >td>
</tr>
able>
</tr>
Scores at the first commercial break (after clue 15):
William |
Matt |
Catherine |
$2,600 |
$6,200 |
-$600 |
Scores at the end of the Jeopardy! Round:
William |
Matt |
Catherine |
$4,200 |
$9,400 |
-$400 |
Double Jeopardy! Round responses
ble class="round">
<tr>>INTERNATIONAL NATIONAL PARKS |
<tr>
<tr>>THE MOVIE'S DIRECTOR |
<tr>
<tr>>LET'S BUILD A HOUSE |
<tr>
<tr>>POSSESSIVE LIT |
<tr>
<tr>>UNDER QUARANTINE |
<tr>
<tr>>WORD ORIGINS |
<tr>
</tr>
<tr>
<tr>
<td>
</tr>
<tr>
>m class="correct_response">Wales>r /> >able width="100%">>d class="right">William>tr> | >td>
</tr>
able>
|
<tr>
<td>
</tr>
<tr>
>m class="correct_response">Jordan Peele>r /> >able width="100%">>d class="right">Matt>tr> | >td>
</tr>
able>
|
<tr>
<td>
</tr>
<tr>
>m class="correct_response">a banister>r /> >able width="100%">r>d class="right">Catherine | >tr> >td>
</tr>
able>
|
<tr>
<td>
</tr>
<tr>
>m class="correct_response">>Charlotte's Web>r /> >able width="100%">>d class="right">Matt>tr> | >td>
</tr>
able>
|
<tr>
<td>
</tr>
<tr>
>m class="correct_response">40>r /> >able width="100%">r>d class="right">Catherine | >tr> >td>
</tr>
able>
|
<tr>
<td>
</tr>
<tr>
(Ken: Matt, now it's time for [*].) >r />m class="correct_response">candidate>r />r />>r>d class="wrong">Triple Stumper>tr> >td>
</tr>
able>
|
</tr>
<tr>
<tr>
<td>
</tr>
<tr>
>m class="correct_response">a tiger>r /> >able width="100%">>d class="right">Matt>tr> | >td>
</tr>
able>
|
<tr>
<td>
</tr>
<tr>
>m class="correct_response">Sofia Coppola>r /> >able width="100%">>d class="right">William>tr> | >td>
</tr>
able>
|
<tr>
<td>
</tr>
<tr>
>m class="correct_response">studs>r /> >able width="100%">>d class="right">Matt>tr> | >td>
</tr>
able>
|
<tr>
<td>
</tr>
<tr>
>m class="correct_response">>Gulliver's Travels>r /> >able width="100%">>d class="right">Matt>tr> | >td>
</tr>
able>
|
<tr>
<td>
</tr>
<tr>
>m class="correct_response">the Statue of Liberty>r /> >able width="100%">>d class="right">William>tr> | >td>
</tr>
able>
|
<tr>
<td>
</tr>
<tr>
>m class="correct_response">a tuxedo>r /> >able width="100%">>d class="right">Matt>tr> | >td>
</tr>
able>
|
</tr>
<tr>
<tr>
<td>
</tr>
<tr>
[William adds "Prince" after Ken rules him correct.] >r />m class="correct_response">Prince Albert>r /> >able width="100%">>d class="right">William>tr> | >td>
</tr>
able>
|
<tr>
<td>
</tr>
<tr>
(Ken: The original is a [*] joint.) >r />m class="correct_response">Frank Capra>r />r />>r>d class="wrong">Triple Stumper>tr> >td>
</tr>
able>
|
<tr>
<td>
</tr>
<tr>
>m class="correct_response">load-bearing>r /> >able width="100%">>d class="right">Matt>tr> | >td>
</tr>
able>
|
<tr>
<td>
</tr>
<tr>
>m class="correct_response">>Angela's Ashes>r /> >able width="100%">r>d class="right">Catherine | >tr> >td>
</tr>
able>
|
<tr>
<td>
</tr>
<tr>
>m class="correct_response">Philadelphia>r /> >able width="100%">>d class="right">Matt>tr> | >td>
</tr>
able>
|
<tr>
<td>
</tr>
<tr>
(Catherine: What is a gramophone?) >r />m class="correct_response">a phonograph>r /> >able width="100%">r>d class="wrong">Catherine | >tr>table>>r>d class="wrong">Triple Stumper>tr> >td>
</tr>
able>
</tr>
<tr>
<tr>
<td>
</tr>
<tr>
>m class="correct_response">Finland>r /> >able width="100%">>d class="right">William>tr> | >td>
</tr>
able>
|
<tr>
<td>
</tr>
<tr>
>m class="correct_response">Chloé Zhao>r /> >able width="100%">>d class="right">Matt>tr> | >td>
</tr>
able>
|
<tr>
<td>
</tr>
<tr>
>m class="correct_response">a valley>r />r />>r>d class="wrong">Triple Stumper>tr> >td>
</tr>
able>
|
<tr>
<td>
</tr>
<tr>
(Ken: Sixth in the series.) >r />m class="correct_response">>The Magician's Nephew>r /> >able width="100%">>d class="right">Matt>tr> | >td>
</tr>
able>
|
<tr>
<td>
</tr>
<tr>
>m class="correct_response">leprosy>r /> >able width="100%">>d class="right">William>tr> | >td>
</tr>
able>
|
<tr>
<td>
</tr>
<tr>
>(Matt: What is... dachshund?) ... (Ken: The good news for Matt is we have no more Daily Doubles.) >r />m class="correct_response">Schnauzer>r /> >able width="100%">r>d class="wrong">Matt | >tr> >td>
</tr>
able>
|
</tr>
<tr>
<tr>
<td>
</tr>
<tr>
>m class="correct_response">South Africa>r /> >able width="100%">>d class="right">Matt>tr> | >td>
</tr>
able>
|
<tr>
<td>
</tr>
<tr>
>m class="correct_response">Fellini>r /> >able width="100%">>d class="right">William>tr> | >td>
</tr>
able>
|
<tr>
<td>
</tr>
<tr>
>m class="correct_response">a cantilever>r />r />>r>d class="wrong">Triple Stumper>tr> >td>
</tr>
able>
|
<tr>
<td>
</tr>
<tr>
>(Matt: What is... The Candidate?) >r />m class="correct_response">>All the King's Men>r /> >able width="100%">r>d class="wrong">Matt | >tr> >td>
</tr>
able>
|
<tr>
<td>
</tr>
<tr>
(Ken: [After next clue selection] Less than a minute to play now.) >r />m class="correct_response">Marseille>r /> >able width="100%">>d class="right">William>tr> | >td>
</tr>
able>
|
<tr>
<td>
</tr>
<tr>
>m class="correct_response">loophole>r />r />>r>d class="wrong">Triple Stumper>tr> >td>
</tr>
able>
|
</tr>
Scores at the end of the Double Jeopardy! Round:
William |
Matt |
Catherine |
$14,600 |
$16,600 |
$400 |
[wagering suggestions for these scores]>p>
Final Jeopardy! Round responses
ble class="final_round">
<table>
<tr>d class="category_name">OPERA | >tr>
|
|
iv>
|
</tr>
<tr>
<tr>
<td class="clue_text">(Ken: [To Catherine] Yes, Leoncavallo's opera about clowns, which is why they're putting on makeup.)>r>>Catherine | >d rowspan="2" valign="top">What is Pagliacci?>tr>r>d>$400>tr>r>>William | >d rowspan="2" valign="top">What Rigoletto>tr>r>d>$14,600>tr>>d class="right">Matt>d rowspan="2" valign="top">What is Pagliacci?>tr>r>d>$12,601>tr>table>m class="correct_response">>Pagliacci>td>
</tr>
able>
Final scores:
William |
Matt |
Catherine |
$0 |
$29,201 |
$800 |
Game dynamics:
William |
Matt |
Catherine |
>$14,600 |
$20,600 |
$400 |
Game tape date: 2022-05-16
The J! Archive is created by fans, for fans. Scraping, republication, monetization, and malicious use prohibited; this site may use cookies and collect identifying information. See terms. The Jeopardy! game show and all elements thereof, including but not limited to copyright and trademark thereto, are the property of Jeopardy Productions, Inc. and are protected under law. This website is not affiliated with, sponsored by, or operated by Jeopardy Productions, Inc. Join the discussion at JBoard.tv.
| | | | | | | | | | | | |